Loading...
| Literature - British | 0 | 6 | 0 | 0 | 60 | 40 | 76.33 | 1 | 6 | 0.00 | 0.00 |
| Literature - American | 0 | 7 | 2 | 0 | 60 | 29 | 69.71 | 3 | 7 | 0.00 | 0.00 |
| Literature - European | 0 | 4 | 1 | 1 | 35 | 49 | 88.00 | 0 | 3 | 0.00 | 0.00 |
| Literature - World | 0 | 3 | 0 | 0 | 30 | 70 | 86.00 | 1 | 3 | 0.00 | 0.00 |
| Mythology | 0 | 2 | 0 | 0 | 20 | 63 | 69.00 | 0 | 2 | 0.00 | 0.00 |
| Science - Biology | 0 | 2 | 0 | 1 | 20 | 34 | 65.50 | 1 | 1 | 0.00 | 0.00 |
| Religion | 0 | 2 | 0 | 0 | 20 | 71 | 95.00 | 0 | 1 | 0.00 | 0.00 |
| Fine Arts - Painting and Sculpture | 0 | 2 | 1 | 0 | 15 | 82 | 90.50 | 0 | 0 | 0.00 | 0.00 |
| Science - Other | 0 | 1 | 0 | 0 | 10 | 42 | 42.00 | 1 | 1 | 0.00 | 0.00 |
| History - World | 0 | 1 | 0 | 0 | 10 | 85 | 85.00 | 0 | 1 | 0.00 | 0.00 |
| Fine Arts - Classical Music | 0 | 0 | 1 | 0 | -5 | 0.00 | 0 | 0 | 0.00 | 0.00 |